Central Library OPAC University of Rajshahi

The Aspern papers : (Record no. 18187)

MARC details
000 -LEADER
fixed length control field 00747nam a2200253 4500
001 - CONTROL NUMBER
control field 18187
003 - CONTROL NUMBER IDENTIFIER
rucl marc code BD-RjUL
005 - DATE AND TIME OF LATEST TRANSACTION
control field 20211209000241.0
008 - FIXED-LENGTH DATA ELEMENTS--GENERAL INFORMATION
fixed length control field 140219r1967 nyu 000 1 eng u
035 ## - SYSTEM CONTROL NUMBER
System control number (BD-RjUL)18245
040 ## - CATALOGING SOURCE
Transcribing agency HEI
Modifying agency BOS
Original cataloging agency BD-RjUL
Language of cataloging eng
041 ## - LANGUAGE CODE
Language code of text/sound track or separate title eng
082 ## - DEWEY DECIMAL CLASSIFICATION NUMBER
Classification number 813.4
Author mark and year JAS 1967
090 ## - LOCALLY ASSIGNED LC-TYPE CALL NUMBER (OCLC); LOCAL CALL NUMBER (OCLC)
Classification number (OCLC) (R) ; Classification number, CALL (RLIN) (NR) PS2116.A7
Local cutter number (OCLC) ; Book number/undivided call number, CALL (RLIN) F59
100 1# - MAIN ENTRY--PERSONAL NAME
Personal name James, Henry,
Dates associated with a name 1843-1916.
9 (RLIN) 55999
245 14 - TITLE STATEMENT
Title The Aspern papers :
Remainder of title The spoils of Poynton /
Statement of responsibility, etc. With a general introd. by R.P. Blackmur.
260 ## - PUBLICATION, DISTRIBUTION, ETC. (IMPRINT)
Place of publication, distribution, etc. New York :
Name of publisher, distributor, etc. Dell Pub. Co.,
Date of publication, distribution, etc. c1959 [Reprinted 1967].
300 ## - PHYSICAL DESCRIPTION
Pagination 320 p. ;
Size 16 cm.
490 0# - SERIES STATEMENT
Series statement The Laurel Henry James, LC121.
650 ## - SUBJECT ADDED ENTRY--TOPICAL TERM
Topical term or geographic name as entry element Fiction
9 (RLIN) 56000
942 ## - ADDED ENTRY ELEMENTS (KOHA)
Source of classification or shelving scheme Dewey Decimal Classification
Koha item type Books
Holdings
Lost status Source of classification or shelving scheme Damaged status Not for loan Collection code Permanent Location Current Location Shelving location Date acquired Source of acquisition Cost, normal purchase price Total Checkouts Full call number Date last seen Copy number Koha item type
  Dewey Decimal Classification   Not For Loan Fiction Central Library, University of Rajshahi Central Library, University of Rajshahi Reading Room 21/08/1970 Zitlinger 9.60   813.4 JAS 1967 19/02/2014 C-1 Books